| 000 | 00350cam a22001217a 4500 | ||
|---|---|---|---|
| 008 | 180718b1990 xxu||||| |||| 00| 0 eng d | ||
| 082 | _aO91 St28 | ||
| 100 | _aStarke, Linda | ||
| 245 |
_aSings of hope: working towards our common future _cby Linda Starke |
||
| 260 |
_aOxford _bOxford University Press _c1990 |
||
| 300 | _a192p. | ||
| 650 | _aEnvironment | ||
| 999 |
_c354888 _d354888 |
||